[Event "Aragon-chT Preferente Gr II"]
[Site "Aragon"]
[Date "2023.02.18"]
[Round "4.64"]
[White "Arinez Bruna, Octavio"]
[Black "Olivan Lopez, Dario"]
[Result "0-1"]
[WhiteElo "1876"]
[BlackElo "1787"]
[PlyCount "68"]
[EventDate "2023.01.28"]
[EventType "team-tourn"]
[EventRounds "9"]
[EventCountry "ESP"]
[SourceTitle "EXT 2024"]
[Source "ChessBase"]
[SourceDate "2023.10.10"]
[SourceVersion "1"]
[SourceVersionDate "2023.10.10"]
[SourceQuality "1"]
[WhiteTeam "El Olivar II"]
[BlackTeam "Utebo San Lamberto"]
[WhiteTeamCountry "ESP"]
[BlackTeamCountry "ESP"]

1. d4 d6 2. Nf3 Nf6 3. Bg5 Nbd7 4. Nc3 e5 5. e4 Be7 6. Qd2 c6 7. a4 0-0 8. Bc4 b6 9. 0-0 Qc7 10. Rad1 a6 11. Rfe1 b5 12. axb5 axb5 13. Bd3 b4 14. Ne2 c5 15. c3 c4 16. Bb1 b3 17. Ng3 g6 18. h4 h5 19. Bh6 Rd8 20. Nf5 Bf8 21. Bxf8 Rxf8 22. dxe5 dxe5 23. Qg5 Nh7 24. Ne7+ Kg7 25. Qg3 Re8 26. Nf5+ Kh8 27. Nd6 Re7 28. Ng5 Ndf6 29. Ndxf7+ Rxf7 30. Rd8+ Rf8 31. Nxh7 Qxd8 32. Nxf8 Qxf8 33. Qxg6 Qg7 34. Qxg7+ Kxg7 0-1

[Event "Aragon-chT Preferente Gr II"]
[Site "Aragon"]
[Date "2022.01.29"]
[Round "1.62"]
[White "Arinez Bruna, Octavio"]
[Black "Perez Tomas, Juan Manuel"]
[Result "1-0"]
[WhiteElo "1870"]
[BlackElo "1638"]
[PlyCount "53"]
[EventDate "2022.01.29"]
[EventType "team-tourn"]
[EventRounds "9"]
[EventCountry "ESP"]
[SourceTitle "EXT 2024"]
[Source "ChessBase"]
[SourceDate "2023.10.10"]
[SourceVersion "1"]
[SourceVersionDate "2023.10.10"]
[SourceQuality "1"]
[WhiteTeam "El Olivar II"]
[BlackTeam "Marcos Frechin II"]
[WhiteTeamCountry "ESP"]
[BlackTeamCountry "ESP"]

1. d4 Nf6 2. Bg5 d5 3. e3 Ne4 4. Bf4 g5 5. Be5 Rg8 6. Nd2 Nxd2 7. Qxd2 Nc6 8. Bg3 Bf5 9. Bb5 Rg6 10. Nf3 a6 11. Bd3 Be4 12. Bxe4 dxe4 13. Ne5 Nxe5 14. Bxe5 Qd7 15. c4 h5 16. Qe2 h4 17. d5 0-0-0 18. 0-0-0 Bg7 19. Bxg7 Rxg7 20. Rd4 f5 21. Rhd1 Qd6 22. Kb1 Kb8 23. Qd2 Qb6 24. Qc3 c5 25. dxc6 Rxd4 26. Rxd4 bxc6 27. c5 1-0

[Event "Aragon-chT Preferente"]
[Site "Aragon"]
[Date "2021.05.15"]
[Round "8.43"]
[White "Arinez Bruna, Octavio"]
[Black "Serrat Claver, David"]
[Result "1-0"]
[WhiteElo "1873"]
[BlackElo "1898"]
[PlyCount "81"]
[EventDate "2021.03.13"]
[EventType "team-tourn"]
[EventRounds "9"]
[EventCountry "ESP"]
[SourceTitle "EXT 2024"]
[Source "ChessBase"]
[SourceDate "2023.10.10"]
[SourceVersion "1"]
[SourceVersionDate "2023.10.10"]
[SourceQuality "1"]
[WhiteTeam "El Olivar II"]
[BlackTeam "Agrupacion II"]
[WhiteTeamCountry "ESP"]
[BlackTeamCountry "ESP"]

1. d4 Nf6 2. Bg5 d5 3. e3 e6 4. c4 h6 5. Bxf6 Qxf6 6. Nc3 c6 7. Nf3 Nd7 8. cxd5 exd5 9. Bd3 Nb6 10. 0-0 Bg4 11. h3 Bxf3 12. Qxf3 Qxf3 13. gxf3 0-0-0 14. Rac1 g6 15. Rc2 f5 16. Rb1 Bb4 17. a3 Bxc3 18. Rxc3 Kd7 19. f4 Rhe8 20. b4 Na4 21. Rc2 b5 22. Rbc1 Rc8 23. Rxc6 a6 24. Rxc8 Rxc8 25. Rxc8 Kxc8 26. Kf1 Nb2 27. Ke2 Nc4 28. f3 Nd6 29. Bc2 Kd7 30. Bb3 Ke6 31. Kd3 g5 32. fxg5 hxg5 33. Ba2 Nc4 34. e4 Nb2+ 35. Kc3 Na4+ 36. Kd2 Nb6 37. Bxd5+ Nxd5 38. exd5+ Kxd5 39. Ke3 Kc4 40. f4 g4 41. hxg4 1-0

[Event "Aragon-chT Preferente Gr-II"]
[Site "Aragon"]
[Date "2019.01.26"]
[Round "1.60"]
[White "Mombiela de Sus, Jose Luis"]
[Black "Arinez Bruna, Octavio"]
[Result "1/2-1/2"]
[WhiteElo "1903"]
[BlackElo "1905"]
[PlyCount "75"]
[EventDate "2019.01.26"]
[EventType "team-tourn"]
[EventRounds "9"]
[EventCountry "ESP"]
[SourceTitle "EXT 2020"]
[Source "ChessBase"]
[SourceDate "2019.10.17"]
[SourceVersion "1"]
[SourceVersionDate "2019.10.17"]
[SourceQuality "1"]
[WhiteTeam "Las Fuentes"]
[BlackTeam "El Olivar II"]
[WhiteTeamCountry "ESP"]
[BlackTeamCountry "ESP"]

1. g3 c5 2. c4 g6 3. Bg2 Bg7 4. Nf3 Nf6 5. 0-0 0-0 6. Nc3 Nc6 7. d4 cxd4 8. Nxd4 Nxd4 9. Qxd4 d6 10. b3 Ng4 11. Qd2 Qa5 12. Bb2 Qh5 13. h3 Nf6 14. g4 Qh4 15. f4 Rb8 16. g5 Nh5 17. Nd5 Re8 18. Bxg7 Nxg7 19. Rf3 Be6 20. Nc3 h6 21. Ne4 b5 22. gxh6 Qxh6 23. cxb5 Rxb5 24. Ng5 Rc8 25. Rc1 Rbc5 26. Rxc5 Rxc5 27. b4 Rc4 28. e4 Qh4 29. Kh2 d5 30. f5 gxf5 31. exd5 Rd4 32. Qc1 Rxd5 33. Nxe6 fxe6 34. Rc3 Rd4 35. Rc7 Nh5 36. Qe3 Qf4+ 37. Qxf4 Nxf4 38. Bf1 1/2-1/2

[Event "Aragon-chT Preferente Gr II"]
[Site "Aragon"]
[Date "2018.03.24"]
[Round "9.68"]
[White "Arinez Bruna, Octavio"]
[Black "Obon Zuniga, Francisco"]
[Result "1-0"]
[WhiteElo "1906"]
[BlackElo "1796"]
[PlyCount "71"]
[EventDate "2018.01.27"]
[EventType "team-tourn"]
[EventRounds "9"]
[EventCountry "ESP"]
[SourceTitle "EXT 2019"]
[Source "ChessBase"]
[SourceDate "2018.10.10"]
[SourceVersion "1"]
[SourceVersionDate "2018.10.10"]
[SourceQuality "1"]
[WhiteTeam "El Olivar II"]
[BlackTeam "Marcos Frechin II"]
[WhiteTeamCountry "ESP"]
[BlackTeamCountry "ESP"]

1. Nf3 d5 2. c4 e6 3. b3 Nf6 4. Bb2 Nbd7 5. Nc3 Be7 6. e3 0-0 7. Qc2 b6 8. g3 Bb7 9. Bg2 Re8 10. 0-0 c5 11. cxd5 exd5 12. Rac1 Rc8 13. Rfd1 Bf8 14. d4 g6 15. Qb1 Bg7 16. Nb5 Qe7 17. Nxa7 Ra8 18. Nb5 Ne4 19. Nc7 Nxf2 20. Re1 Ne4 21. Nxe8 Rxe8 22. dxc5 Bxb2 23. Qxb2 Ndxc5 24. Qd4 Ra8 25. Rc2 Nd6 26. Bh3 Nb5 27. Qe5 Qf8 28. Bf1 Re8 29. Qb2 Nd6 30. Nd4 Qh6 31. Qc1 Nde4 32. b4 Ne6 33. Nxe6 Rxe6 34. Rc7 Nd6 35. Rxb7 Nc4 36. Bxc4 1-0

[Event "Aragon-chT Preferente Gr II"]
[Site "Aragon"]
[Date "2018.01.27"]
[Round "1.60"]
[White "Merin Flores, Miguel Angel"]
[Black "Arinez Bruna, Octavio"]
[Result "0-1"]
[WhiteElo "1737"]
[BlackElo "1906"]
[PlyCount "158"]
[EventDate "2018.01.27"]
[EventType "team-tourn"]
[EventRounds "9"]
[EventCountry "ESP"]
[SourceTitle "EXT 2019"]
[Source "ChessBase"]
[SourceDate "2018.10.10"]
[SourceVersion "1"]
[SourceVersionDate "2018.10.10"]
[SourceQuality "1"]
[WhiteTeam "Ejea"]
[BlackTeam "El Olivar II"]
[WhiteTeamCountry "ESP"]
[BlackTeamCountry "ESP"]

1. d4 Nf6 2. Nf3 c5 3. e3 g6 4. Be2 Bg7 5. 0-0 b6 6. Re1 Bb7 7. Nbd2 0-0 8. c3 Qc7 9. Bd3 d5 10. Qc2 Nbd7 11. Nf1 e5 12. Bb5 e4 13. N3d2 Rac8 14. Qa4 a6 15. Bxd7 Nxd7 16. Ng3 c4 17. Ndf1 b5 18. Qd1 a5 19. h3 f5 20. Nh2 Rf7 21. Ne2 Bf8 22. Nf4 Qd6 23. Bd2 Bh6 24. Ne2 Nb6 25. Rb1 Bc6 26. Rf1 Rcf8 27. f3 Qe7 28. f4 g5 29. Qe1 Rg7 30. Rf2 Kh8 31. Qf1 Bd7 32. Kh1 g4 33. g3 Qf7 34. h4 Rg6 35. Qd1 Bg7 36. Nf1 Bf6 37. Rh2 Be7 38. Be1 Ra8 39. Kg2 Qe8 40. Bf2 b4 41. Nd2 Ba4 42. Qc1 Bd7 43. Rh1 Na4 44. Qd1 Rb8 45. Qc1 Rgb6 46. Qc2 Qc8 47. Rhc1 Qb7 48. Be1 Bb5 49. Kf2 b3 50. axb3 cxb3 51. Qxb3 Bxe2 52. Qxa4 Bd3 53. Ra1 Rxb2 54. Qxa5 Rb5 55. Qa4 Rb2 56. Qa7 Kg7 57. Ra5 Qxa7 58. Rxa7 Kf6 59. Rca1 Rc2 60. R1a2 Rbb2 61. Rxb2 Rxb2 62. Ra8 Rc2 63. Ra7 Ke6 64. Rb7 Ba3 65. Rxh7 Bc1 66. Rg7 Bxd2 67. Bxd2 Rxd2+ 68. Kg1 Rd1+ 69. Kh2 Be2 70. Kg2 Bf3+ 71. Kf2 Rd2+ 72. Kg1 Rg2+ 73. Kf1 Rxg3 74. Rg6+ Kf7 75. Rd6 Rh3 76. Rxd5 Ke6 77. Re5+ Kf6 78. c4 g3 79. d5 Rh1# 0-1

[Event "Aragon-chT Preferente Ascenso playoff"]
[Site "Aragon"]
[Date "2017.04.08"]
[Round "10.28"]
[White "Arinez Bruna, Octavio"]
[Black "Muro Turon, Raul"]
[Result "1/2-1/2"]
[WhiteElo "1890"]
[BlackElo "1935"]
[PlyCount "104"]
[EventDate "2017.04.08"]
[EventType "team-match"]
[EventRounds "10"]
[EventCountry "ESP"]
[SourceTitle "EXT 2018"]
[Source "ChessBase"]
[SourceDate "2017.10.13"]
[SourceVersion "1"]
[SourceVersionDate "2017.10.13"]
[SourceQuality "1"]
[WhiteTeam "El Olivar II"]
[BlackTeam "Tauste"]
[WhiteTeamCountry "ESP"]
[BlackTeamCountry "ESP"]

1. c4 e5 2. g3 Nc6 3. Bg2 Nf6 4. Nc3 Bb4 5. Nd5 a5 6. e3 0-0 7. Ne2 d6 8. a3 Bc5 9. 0-0 Nxd5 10. cxd5 Ne7 11. d4 exd4 12. Nxd4 Nf5 13. Nxf5 Bxf5 14. Bd2 Qd7 15. b4 axb4 16. axb4 Bb6 17. Bc3 Rfe8 18. Qh5 Bg6 19. Qg5 Qf5 20. Qxf5 Bxf5 21. Rxa8 Rxa8 22. Ra1 Rxa1+ 23. Bxa1 f6 24. Kf1 Bd3+ 25. Ke1 Kf7 26. Kd2 Bb5 27. Be4 c6 28. dxc6 bxc6 29. Bd3 Bxd3 30. Kxd3 Ke6 31. f3 g6 32. g4 f5 33. h3 fxg4 34. fxg4 Bd8 35. Bd4 Bh4 36. Ke4 Be7 37. Kd3 d5 38. Bc3 Bd6 39. e4 Bg3 40. Ke3 Bh2 41. Kf3 Bg1 42. Kf4 d4 43. Bd2 Bh2+ 44. Kf3 Bd6 45. Ke2 Be7 46. Kd3 Ke5 47. Be1 c5 48. Bg3+ Ke6 49. bxc5 Bxc5 50. Bf2 Ke5 51. Bg3+ Ke6 52. Bf2 Ke5 1/2-1/2

[Event "Aragon-chT Honor Descenso"]
[Site "Aragon"]
[Date "2016.04.02"]
[Round "9.28"]
[White "Martin Catalan, Juan Vicente"]
[Black "Arinez Bruna, Octavio"]
[Result "1/2-1/2"]
[WhiteElo "2045"]
[BlackElo "1937"]
[PlyCount "106"]
[EventDate "2016.03.19"]
[EventType "team-tourn"]
[EventRounds "10"]
[EventCountry "ESP"]
[SourceTitle "EXT 2018"]
[Source "ChessBase"]
[SourceDate "2017.10.13"]
[SourceVersion "1"]
[SourceVersionDate "2017.10.13"]
[SourceQuality "1"]
[WhiteTeam "Teruel"]
[BlackTeam "El Olivar II"]
[WhiteTeamCountry "ESP"]
[BlackTeamCountry "ESP"]

1. d4 Nf6 2. Nf3 c5 3. c3 b6 4. Bf4 g6 5. e3 Bb7 6. Nbd2 Bg7 7. h3 0-0 8. Bd3 d6 9. 0-0 Nbd7 10. Bh2 Qc7 11. Qe2 e5 12. dxe5 Nxe5 13. Rfd1 Rad8 14. Ba6 Nfd7 15. a4 Bxa6 16. Qxa6 Nb8 17. Qb5 Nbc6 18. Nxe5 dxe5 19. Nc4 Bf6 20. e4 Rxd1+ 21. Rxd1 Rd8 22. Qb3 Kf8 23. Bg3 Rd7 24. Ne3 Ne7 25. Ng4 Rxd1+ 26. Qxd1 Bg7 27. Ne3 Bh6 28. Nc4 Bf4 29. Kh2 h5 30. Qd3 Bxg3+ 31. Kxg3 f5 32. f3 f4+ 33. Kf2 g5 34. Ke2 Kg7 35. Kd2 Kg6 36. Kc2 a6 37. b3 b5 38. axb5 axb5 39. Qd6+ Qxd6 40. Nxd6 b4 41. Nb7 bxc3 42. Nxc5 g4 43. hxg4 hxg4 44. Kxc3 g3 45. Nd3 Kf6 46. Kc4 Ke6 47. b4 Nc6 48. Kc5 Nd4 49. Ne1 Nb3+ 50. Kc6 Nd4+ 51. Kc5 Nb3+ 52. Kc6 Nd4+ 53. Kc7 Ke7 1/2-1/2

[Event "Aragon-chT Honor GrB"]
[Site "Aragon"]
[Date "2016.02.13"]
[Round "3.28"]
[White "Arinez Bruna, Octavio"]
[Black "Felez Casedas, Carlos"]
[Result "1/2-1/2"]
[WhiteElo "1937"]
[BlackElo "2012"]
[PlyCount "107"]
[EventDate "2016.01.30"]
[EventType "team-tourn"]
[EventRounds "7"]
[EventCountry "ESP"]
[SourceTitle "EXT 2018"]
[Source "ChessBase"]
[SourceDate "2017.10.13"]
[SourceVersion "1"]
[SourceVersionDate "2017.10.13"]
[SourceQuality "1"]
[WhiteTeam "El Olivar II"]
[BlackTeam "La Aurora Estadilla"]
[WhiteTeamCountry "ESP"]
[BlackTeamCountry "ESP"]

1. c4 e6 2. Nc3 d5 3. cxd5 exd5 4. d4 c6 5. Nf3 Bf5 6. Bf4 Nf6 7. e3 Be7 8. Bd3 Bxd3 9. Qxd3 Nbd7 10. 0-0 0-0 11. h3 Re8 12. Rac1 Nf8 13. Rfd1 Ng6 14. Bh2 Bd6 15. Bxd6 Qxd6 16. Qb1 Nd7 17. Na4 Ngf8 18. Nc5 Nxc5 19. dxc5 Qg6 20. Qxg6 hxg6 21. Rd4 Ne6 22. Rb4 Re7 23. Nd2 Rd8 24. Nb3 Rdd7 25. Ra4 a6 26. Kf1 f6 27. Nd4 Nxd4 28. Rxd4 Kf7 29. Rcd1 f5 30. Rb4 Kf6 31. Ke2 g5 32. Kd3 Re4 33. Kc3 Ke5 34. Rdd4 f4 35. exf4+ gxf4 36. f3 Rxd4 37. Rxd4 g5 38. Kd3 Re7 39. Rb4 Kf5 40. Kd2 Kg6 41. h4 Kh5 42. hxg5 Kxg5 43. g3 fxg3 44. Rg4+ Kf5 45. Rxg3 Kf4 46. Rh3 Rg7 47. b4 a5 48. a3 Rg2+ 49. Kc3 axb4+ 50. axb4 Rg7 51. Kd4 Re7 52. b5 cxb5 53. Kxd5 Rc7 54. Rh4+ 1/2-1/2

[Event "Aragon-chT Honor GrA"]
[Site "Aragon"]
[Date "2015.02.14"]
[Round "4.4"]
[White "Arinez Bruna, Octavio"]
[Black "Rudolf, Anna"]
[Result "0-1"]
[WhiteElo "1979"]
[BlackElo "2319"]
[PlyCount "78"]
[EventDate "2015.01.24"]
[EventType "team-tourn"]
[EventRounds "7"]
[EventCountry "ESP"]
[SourceTitle "EXT 2017"]
[Source "ChessBase"]
[SourceDate "2016.10.25"]
[SourceVersion "1"]
[SourceVersionDate "2016.10.25"]
[SourceQuality "1"]
[WhiteTeam "El Olivar II"]
[BlackTeam "Jaime Casas"]
[WhiteTeamCountry "ESP"]
[BlackTeamCountry "ESP"]

1. c4 e5 2. g3 Nf6 3. Bg2 d5 4. cxd5 Nxd5 5. Nc3 Nb6 6. Nf3 Nc6 7. 0-0 Be7 8. a3 0-0 9. b4 Be6 10. Rb1 f6 11. d3 Nd4 12. Nd2 c6 13. Nde4 Bf7 14. Nc5 Qc7 15. Bd2 Nc8 16. e3 Ne6 17. Nxe6 Bxe6 18. Qc2 Qd7 19. Ne2 Nd6 20. Bc3 Rfd8 21. Rfd1 Qe8 22. d4 Nc4 23. Ra1 Qh5 24. Bb2 a5 25. dxe5 fxe5 26. bxa5 Rxd1+ 27. Rxd1 Rxa5 28. a4 Nxb2 29. Qxb2 Rxa4 30. Nc3 Ra3 31. Ra1 Rxa1+ 32. Qxa1 Qe8 33. Ne4 Qb8 34. Qc3 Bd5 35. h4 h6 36. Kf1 b5 37. Nc5 b4 38. Qc2 Qb5+ 39. Nd3 e4 0-1

[Event "Aragon-chT Honor GrA"]
[Site "Aragon"]
[Date "2015.02.07"]
[Round "3.16"]
[White "Arinez Bruna, Octavio"]
[Black "Barcena Laguia, Francisco"]
[Result "1-0"]
[WhiteElo "1979"]
[BlackElo "1921"]
[PlyCount "107"]
[EventDate "2015.01.24"]
[EventType "team-tourn"]
[EventRounds "7"]
[EventCountry "ESP"]
[SourceTitle "EXT 2017"]
[Source "ChessBase"]
[SourceDate "2016.10.25"]
[SourceVersion "1"]
[SourceVersionDate "2016.10.25"]
[SourceQuality "1"]
[WhiteTeam "El Olivar II"]
[BlackTeam "Teruel"]
[WhiteTeamCountry "ESP"]
[BlackTeamCountry "ESP"]

1. c4 c5 2. g3 Nc6 3. Bg2 Nf6 4. Nc3 d6 5. Nf3 g6 6. 0-0 Bg7 7. d4 cxd4 8. Nxd4 Bd7 9. Nc2 0-0 10. Qd2 Na5 11. b3 Bc6 12. e4 Rc8 13. Nd4 Qb6 14. Bb2 Qb4 15. Rad1 Bd7 16. h3 Nc6 17. Nc2 Qc5 18. Ne3 a6 19. Ncd5 Nxd5 20. Nxd5 Rfe8 21. Bxg7 Kxg7 22. Qe3 Qxe3 23. Nxe3 Be6 24. f4 f6 25. Rf2 Bf7 26. Bf1 Red8 27. Rfd2 a5 28. Nd5 Bxd5 29. Rxd5 b6 30. a3 Kf7 31. Kf2 h6 32. h4 Rg8 33. Bh3 Rc7 34. Ke3 g5 35. fxg5 hxg5 36. hxg5 Rxg5 37. Rxg5 fxg5 38. Rd5 Ne5 39. Rb5 Rc5 40. Kd4 Nf3+ 41. Ke3 Ne5 42. Bf1 Rxb5 43. cxb5 Kf6 44. Kd4 e6 45. Be2 g4 46. Kc3 Nf3 47. b4 axb4+ 48. Kxb4 Ke5 49. a4 Kxe4 50. a5 bxa5+ 51. Kxa5 Ne5 52. b6 Nd7 53. b7 Kf5 54. Bb5 1-0

[Event "Aragon-chT Preferente B"]
[Site "Aragon"]
[Date "2013.02.23"]
[Round "5.65"]
[White "Arinez Bruna, Octavio"]
[Black "Cantin Zaborras, Valentin"]
[Result "1/2-1/2"]
[WhiteElo "2145"]
[BlackElo "2123"]
[PlyCount "85"]
[EventDate "2013.01.26"]
[EventType "team"]
[EventRounds "9"]
[EventCountry "ESP"]
[SourceTitle "EXT 2014"]
[Source "ChessBase"]
[SourceDate "2013.11.20"]
[SourceVersion "1"]
[SourceVersionDate "2013.11.20"]
[SourceQuality "1"]
[WhiteTeam "El Olivar II"]
[BlackTeam "Ramiro II"]
[WhiteTeamCountry "ESP"]
[BlackTeamCountry "ESP"]

1. d4 Nf6 2. Nf3 g6 3. Nc3 d5 4. Bf4 Bg7 5. e3 0-0 6. Be2 b6 7. Ne5 Bb7 8. h4 c5 9. h5 Nc6 10. hxg6 hxg6 11. Qd2 Ne4 12. Nxe4 dxe4 13. 0-0-0 Nxe5 14. Bxe5 Bxe5 15. dxe5 Qxd2+ 16. Rxd2 Rfd8 17. Rhd1 Rxd2 18. Rxd2 Bc6 19. Bc4 e6 20. Rd6 Rc8 21. Rxe6 b5 22. Rxg6+ Kf8 23. Rxc6 Rxc6 24. Bd5 Rc7 25. Bxe4 Re7 26. Bc6 b4 27. f4 f6 28. exf6 Rxe3 29. Kd2 Re6 30. Bf3 Rxf6 31. Ke3 Rd6 32. g4 c4 33. g5 Ra6 34. f5 Rxa2 35. f6 Kf7 36. Bd5+ Kg6 37. Kf4 b3 38. cxb3 cxb3 39. Be4+ Kf7 40. Bd5+ Kg6 41. Be4+ Kf7 42. Bd5+ Kg6 43. Be4+ 1/2-1/2